000 00531nam a2200193Ia 4500
005 20250508152953.0
008 008 250505s9999 xx 000 0 hin d
037 _aTextual
040 _aFEDL
_beng
_cFEDL
041 _ahin
_2eng
084 _a342.54, PAY
_qFEDL
100 _aPayali M. V.
_9762881
245 0 _aBhartiya sanvidhan : Svarup aur vikas
260 _aNew Delhi, India
_bDelhi Pustak Sadan
_c1957
300 _a178p.
650 _aLaw
942 _cTEXL
_h342.54, PAY
999 _c1339901
_d1339901